[Event "SPICE Spring Inv"]
[Site "Lubbock USA"]
[Date "2010.03.17"]
[Round "7"]
[White "Ippolito, D."]
[Black "Krush, I."]
[Result "1/2-1/2"]
[WhiteElo "2466"]
[BlackElo "2461"]
[PlyCount "113"]
[EventDate "2010.03.13"]

1. d4 d5 2. Nf3 Nf6 3. c4 c6 4. Qb3 e6 5. Bg5 Be7 6. e3 h6 7. Bh4 O-O 8. Nc3
Nbd7 9. Rc1 a6 10. Be2 dxc4 11. Qxc4 c5 12. Bxf6 Nxf6 13. dxc5 Qa5 14. b4 Qa3
15. Nb1 Qb2 16. O-O Nd5 17. a3 Qf6 18. Nbd2 Bd7 19. Nd4 Rfd8 20. Qb3 Be8 21.
Rfd1 Qg5 22. N2f3 Qf6 23. Bd3 g5 24. Be4 g4 25. Ne1 Qe5 26. Bb1 h5 27. Nd3 Qg5
28. Qc2 Bf6 29. Ne2 h4 30. Ndf4 Bc6 31. Qh7+ Kf8 32. Be4 Bb2 33. Rb1 Nf6 34.
Rxd8+ Rxd8 35. Qh8+ Qg8 36. Qh6+ Qg7 37. Qxg7+ Kxg7 38. Bxc6 bxc6 39. Nd4 Bxd4
40. Rd1 Bxe3 41. Nxe6+ fxe6 42. Rxd8 Bc1 43. a4 Nd5 44. Rb8 Kf6 45. b5 cxb5 46.
axb5 axb5 47. Rxb5 Ke5 48. Rb8 Ba3 49. Rg8 g3 50. hxg3 hxg3 51. Rxg3 Bxc5 52.
Kf1 Kf5 53. Rf3+ Ke4 54. Rf7 Nf4 55. g3 Nd3 56. Ke2 Nxf2 57. Rf4+ 1/2-1/2

[Event "SPICE Spring Inv"]
[Site "Lubbock USA"]
[Date "2010.03.17"]
[Round "7"]
[White "Becerra Rivero, J."]
[Black "Antal, Ge"]
[Result "1/2-1/2"]
[WhiteElo "2538"]
[BlackElo "2511"]
[PlyCount "32"]
[EventDate "2010.03.13"]

1. e4 c5 2. Nf3 e6 3. d4 cxd4 4. Nxd4 Nf6 5. Nc3 d6 6. g4 h6 7. h3 Nc6 8. Bg2
a6 9. Be3 Bd7 10. f4 Rc8 11. Qe2 b5 12. a3 Qc7 13. Nb3 Be7 14. O-O O-O 15. Rad1
Nh7 16. Qf2 b4 1/2-1/2

[Event "SPICE Spring Inv"]
[Site "Lubbock USA"]
[Date "2010.03.17"]
[Round "7"]
[White "Papp, Ga"]
[Black "Kuljasevic, D."]
[Result "0-1"]
[WhiteElo "2542"]
[BlackElo "2552"]
[PlyCount "130"]
[EventDate "2010.03.13"]

1. e4 e6 2. d4 d5 3. Nd2 c5 4. Ngf3 Nf6 5. exd5 exd5 6. Bb5+ Bd7 7. Qe2+ Be7 8.
dxc5 O-O 9. Nb3 Re8 10. Be3 a6 11. Bd3 Ba4 12. Nfd4 Nbd7 13. O-O Nxc5 14. Nxc5
Bxc5 15. Qf3 Qb6 16. Nf5 Bxe3 17. fxe3 Bd7 18. Rae1 Bxf5 19. Bxf5 Re7 20. b3
Rae8 21. Qf4 Rxe3 22. Rxe3 Qxe3+ 23. Qxe3 Rxe3 24. Rf4 a5 25. Kf2 Re5 26. Bd3
b6 27. a3 Kf8 28. b4 axb4 29. Rxb4 Re6 30. Ra4 Ne4+ 31. Bxe4 dxe4 32. Ra7 Rc6
33. Ke3 Rxc2 34. g4 Rxh2 35. Kxe4 g6 36. Kd5 Rc2 37. Ra6 Rc5+ 38. Ke4 Ra5 39.
Rxb6 Rxa3 40. g5 Ra5 41. Kf4 Kg7 42. Rb7 Rf5+ 43. Kg4 h5+ 44. gxh6+ Kxh6 45.
Rc7 Rf1 46. Kg3 f5 47. Rc4 Kg5 48. Rb4 Ra1 49. Rb3 Kh5 50. Kf4 Rf1+ 51. Kg3 g5
52. Kg2 Ra1 53. Kg3 f4+ 54. Kf3 Kh4 55. Rb6 Ra3+ 56. Kg2 g4 57. Rb2 Rg3+ 58.
Kh2 Rh3+ 59. Kg2 f3+ 60. Kg1 Kg3 61. Rg2+ Kf4 62. Rb2 Rh8 63. Rb1 Ra8 64. Rc1
Ra2 65. Rb1 Kg3 0-1

[Event "SPICE Spring Inv"]
[Site "Lubbock USA"]
[Date "2010.03.17"]
[Round "7"]
[White "Kraai, J."]
[Black "Yang, Dar"]
[Result "0-1"]
[WhiteElo "2508"]
[BlackElo "2378"]
[PlyCount "56"]
[EventDate "2010.03.13"]

1. Nf3 d5 2. d4 Nf6 3. c4 c6 4. e3 e6 5. Nbd2 Nbd7 6. Bd3 Be7 7. O-O O-O 8. e4
dxe4 9. Nxe4 c5 10. Nxc5 Nxc5 11. dxc5 Bxc5 12. Qe2 h6 13. b3 b6 14. Bb2 Bb7
15. Rad1 Qe7 16. Ne5 Rad8 17. h4 Rd6 18. Ng4 Nxg4 19. Qxg4 f5 20. Qg3 Rfd8 21.
Bc2 Be4 22. Rc1 Rd2 23. Bxe4 fxe4 24. Bc3 R2d3 25. Qg4 e3 26. fxe3 Bxe3+ 27.
Kh1 R3d4 28. Bxd4 Rxd4 0-1

[Event "SPICE Spring Inv"]
[Site "Lubbock USA"]
[Date "2010.03.18"]
[Round "8"]
[White "Antal, Ge"]
[Black "Ippolito, D."]
[Result "1-0"]
[WhiteElo "2511"]
[BlackElo "2466"]
[PlyCount "73"]
[EventDate "2010.03.13"]

1. e4 c6 2. Nf3 d5 3. Nc3 dxe4 4. Nxe4 Nd7 5. Bc4 Ngf6 6. Neg5 Nd5 7. O-O h6 8.
Ne4 N7b6 9. Bb3 Bf5 10. Ng3 Bh7 11. d4 e6 12. Ne5 Nd7 13. c4 N5f6 14. f4 Be7
15. Be3 Qc7 16. Kh1 Rd8 17. Qf3 O-O 18. Rae1 Bb4 19. Re2 Bd6 20. c5 Be7 21. f5
Nd5 22. Bxd5 Nxe5 23. dxe5 Rxd5 24. f6 gxf6 25. exf6 Bxc5 26. Bxh6 Re8 27. b4
Bd4 28. Qg4+ Bg6 29. Qh4 Qd6 30. Bg7 Bh7 31. Re4 Bf2 32. Rxf2 Rd1+ 33. Rf1 Qd3
34. Ree1 Rd2 35. Nf5 Qxf1+ 36. Rxf1 exf5 37. Bf8 1-0

[Event "SPICE Spring Inv"]
[Site "Lubbock USA"]
[Date "2010.03.18"]
[Round "8"]
[White "Hansen, Eric"]
[Black "Papp, Ga"]
[Result "1/2-1/2"]
[WhiteElo "2415"]
[BlackElo "2542"]
[PlyCount "88"]
[EventDate "2010.03.13"]

1. d4 d6 2. Nf3 Bg4 3. c4 Nd7 4. Nc3 e5 5. h3 Bxf3 6. gxf3 g6 7. f4 Bg7 8. dxe5
dxe5 9. Bg2 Ne7 10. O-O c6 11. fxe5 Nxe5 12. Qb3 O-O 13. Qxb7 Nf5 14. Ne4 Nxc4
15. Bg5 Qa5 16. Nf6+ Kh8 17. b4 Qa3 18. Nd7 Rfc8 19. Bc1 Qa4 20. Nc5 Qc2 21.
Bf4 Nd4 22. Bh2 Nxe2+ 23. Kh1 Bxa1 24. Rxa1 Nc1 25. Be4 Qd1+ 26. Kg2 Rd8 27.
Bf4 Nd2 28. Bxd2 Qxd2 29. Qe7 Kg8 30. Bxc6 Rac8 31. Bb7 Rb8 32. Qf6 Rd6 33. Qe7
Rdd8 34. Qf6 Rd6 35. Qe7 Nd3 36. Ne4 Nf4+ 37. Kg1 Qd4 38. Qxd6 Qxa1+ 39. Kh2
Rxb7 40. Nf6+ Kg7 41. Ne8+ Kg8 42. Nf6+ Kg7 43. Ne8+ Kg8 44. Nf6+ Kg7 1/2-1/2

[Event "SPICE Spring Inv"]
[Site "Lubbock USA"]
[Date "2010.03.18"]
[Round "8"]
[White "Finegold, B."]
[Black "Yang, Dar"]
[Result "1-0"]
[WhiteElo "2534"]
[BlackElo "2378"]
[PlyCount "61"]
[EventDate "2010.03.13"]

1. d4 d5 2. Nf3 Nf6 3. c4 c6 4. Nc3 e6 5. Bg5 dxc4 6. e4 b5 7. e5 h6 8. Bh4 g5
9. Nxg5 hxg5 10. Bxg5 Nbd7 11. exf6 Qb6 12. g3 Bb7 13. Bg2 O-O-O 14. O-O c5 15.
d5 b4 16. Na4 Qa6 17. a3 Bxd5 18. Bxd5 Ne5 19. Nxc5 Bxc5 20. Qe2 exd5 21. Qxe5
b3 22. Rae1 Qc6 23. h4 Rde8 24. Qf5+ Qd7 25. Qf3 Bd4 26. Re7 Rxe7 27. fxe7 Qe6
28. Rd1 Bc5 29. Rxd5 Bxe7 30. Bxe7 Qxe7 31. Qg4+ 1-0

[Event "SPICE Spring Inv"]
[Site "Lubbock USA"]
[Date "2010.03.19"]
[Round "9"]
[White "Kraai, J."]
[Black "Antal, Ge"]
[Result "1/2-1/2"]
[WhiteElo "2508"]
[BlackElo "2511"]
[PlyCount "156"]
[EventDate "2010.03.13"]

1. d4 f5 2. Nf3 Nf6 3. g3 g6 4. Bg2 Bg7 5. O-O O-O 6. c4 d6 7. Nc3 Qe8 8. d5
Na6 9. Nd4 Bd7 10. Rb1 c5 11. dxc6 bxc6 12. b4 Rc8 13. Nf3 Qf7 14. Nd2 Ng4 15.
Qa4 Bxc3 16. Qxa6 Be6 17. Qa3 Bg7 18. Bb2 f4 19. c5 Bxb2 20. Rxb2 fxg3 21. Qxg3
Qg7 22. Rc2 d5 23. e4 dxe4 24. Nxe4 Ne5 25. Ng5 Bf5 26. Re2 Nd3 27. Ne6 Bxe6
28. Qxd3 Qf7 29. Bh3 Bxh3 30. Qxh3 Rcd8 31. Qe6 Rd4 32. a3 Rfd8 33. Qxc6 Rg4+
34. Kh1 Kh8 35. f3 Rg5 36. Qe4 e5 37. c6 Rd4 38. Qe3 Rf5 39. Rc2 Qc7 40. b5 Kg7
41. Rd2 Qd6 42. Rfd1 Rff4 43. Qxf4 exf4 44. Rxd4 Qxa3 45. Rxf4 g5 46. Rf5 Kg6
47. Rdd5 Qc1+ 48. Kg2 h6 49. Rfe5 Kh5 50. Re6 Qc2+ 51. Kg3 Qc1 52. Kf2 Qc2+ 53.
Kg3 Qc1 54. Kf2 Qc2+ 55. Re2 Qc4 56. Rdd2 Qf4 57. Kg2 g4 58. Rd5+ Kh4 59. Rd3
Qc4 60. Red2 h5 61. fxg4 hxg4 62. Rd5 Qe4+ 63. Kg1 Qf4 64. R5d3 Qc4 65. Rd5 Qc3
66. Kg2 Qc4 67. Kf2 Qe4 68. Kg1 Qc4 69. Kf2 Qe4 70. Kg1 Qf4 71. Kg2 Qe4+ 72.
Kg1 Qc4 73. Kf2 Qe4 74. Kg1 Qe3+ 75. Kg2 Qf3+ 76. Kg1 Qe3+ 77. Kg2 Qf3+ 78. Kg1
Qe3+ 1/2-1/2

[Event "SPICE Spring Inv"]
[Site "Lubbock USA"]
[Date "2010.03.19"]
[Round "9"]
[White "Ippolito, D."]
[Black "Kuljasevic, D."]
[Result "1/2-1/2"]
[WhiteElo "2466"]
[BlackElo "2552"]
[PlyCount "27"]
[EventDate "2010.03.13"]

1. d4 Nf6 2. c4 g6 3. Nf3 Bg7 4. g3 c6 5. Bg2 d5 6. Qb3 O-O 7. O-O Qb6 8. Nc3
Rd8 9. h3 h6 10. Rd1 Bf5 11. Ne1 Be6 12. c5 Qxb3 13. axb3 Na6 14. Nd3 1/2-1/2

[Event "SPICE Spring Inv"]
[Site "Lubbock USA"]
[Date "2010.03.19"]
[Round "9"]
[White "Becerra Rivero, J."]
[Black "Hansen, Eric"]
[Result "1-0"]
[WhiteElo "2538"]
[BlackElo "2415"]
[PlyCount "63"]
[EventDate "2010.03.13"]

1. e4 c5 2. Nf3 d6 3. d4 cxd4 4. Nxd4 Nf6 5. Nc3 Nc6 6. Bg5 e6 7. Qd2 a6 8.
O-O-O Bd7 9. f4 b5 10. Bxf6 gxf6 11. Nxc6 Bxc6 12. Bd3 Qb6 13. Kb1 b4 14. Ne2
a5 15. f5 e5 16. Ng3 h5 17. Qe2 h4 18. Nh5 Be7 19. g4 a4 20. Bc4 Qc5 21. Rd2
Rc8 22. b3 a3 23. Rc1 Kf8 24. Rd3 Rd8 25. Rcd1 Rd7 26. h3 Bd8 27. Qe1 Rg8 28.
Qd2 Bxe4 29. Qh6+ Ke8 30. Qh7 Kf8 31. Rxd6 Bxf5 32. Rxd7 1-0